| 000 | 00551cas a22001694i 4500 | ||
|---|---|---|---|
| 999 |
_c61600 _d61600 |
||
| 001 | 768714001 | ||
| 003 | CO-MdFUSB | ||
| 005 | 20180421100058.0 | ||
| 008 | 180421s2006 cr ||||| |||| 00| 0 spa d | ||
| 040 |
_aCO-MdFUSB _bspa _cCO-MdFUSB _dCO-MdFUSB |
||
| 041 | _aspa | ||
| 100 | 1 |
_aSánchez, Pete _eautor |
|
| 245 | 1 | 0 | _aAdoración, gratitud y transformación |
| 300 |
_aVolumen 7. Número 8 (2006), páginas 122-124 _c: 28 cm. |
||
| 773 | 0 |
_tConquista Cristiana _049446 _960297 _gVolumen 7. Número 8 (2006), páginas 122-124 _q página 122 |
|
| 942 | _cANA | ||